Die Top 16 der PDC Order of Merit 2008 - Statistiken

Allgemein
  • Dieses Quiz wurde 11 mal gespielt
  • Das Durchschnittsergebnis liegt bei 10 aus 16
Antwortstatistiken
Weltranglistenplatz Land Dartsspieler % Korrekt
1 England Phil Taylor
100%
6 England Adrian Lewis
91%
2 Niederlande Raymond van Barneveld
91%
3 England James Wade
82%
4 Kanada John Part
82%
13 England Peter Manley
73%
16 Niederlande Roland Scholten
73%
5 England Terry Jenkins
64%
10 England Colin Lloyd
55%
11 England Dennis Priestley
55%
8 England Wayne Mardle
55%
15 England Ronnie Baxter
45%
9 England Alan Tabern
36%
7 England Andy Hamilton
27%
14 England Colin Osborne
27%
12 England Mervyn King
27%
Keine übereinstimmenden Quizze gefunden
Verteilung der Resultate
Anzahl Personen mit jedem Resultat
Perzentil nach korrekt beantworteten Fragen
Ihre Resultats-Entwicklung
Sie haben dieses Quiz noch nicht gespielt